Visualizzazione normale
Vista MARC
- "I° v. : ago. 1817 - gen. 1822 XXXIV, 1272 p. II° v. : gen. 1822 - dic. 1832 p. 1273-2596 III° v. : Apparato - Note - Bibliogr. - Indici"
di Personal Name
Records bibliografici associati: 1
001 - CONTROL NUMBER
- control field: 13843
003 - CONTROL NUMBER IDENTIFIER
- control field: IT-RoPau
005 - DATE AND TIME OF LATEST TRANSACTION
- control field: 20140217194219.0
008 - FIXED-LENGTH DATA ELEMENTS
- fixed length control field: 140217|| aca||aabn | a|a d
040 ## - CATALOGING SOURCE
- Original cataloging agency: IT-RoPau
- Transcribing agency: IT-RoPau
100 ## - HEADING--PERSONAL NAME
- Personal name: "I° v. : ago. 1817 - gen. 1822 XXXIV, 1272 p. II° v. : gen. 1822 - dic. 1832 p. 1273-2596 III° v. : Apparato - Note - Bibliogr. - Indici"
670 ## - SOURCE DATA FOUND
- Source citation: Work cat.: (IT-RoPau)23923: Giacomo Leopardi 13842, Zibaldone di pensieri. Ed. crit. e annot. a c. di G. Pacella.